Marvel Characters by Anagram - Statistics

General Stats
  • This quiz has been taken 7 times
  • The average score is 6 of 20
Answer Stats
Hint Answer % Correct
be sat Beast
100%
pinking Kingpin
100%
elk hush She-Hulk
75%
pale dodo Deadpool
67%
nan dams Sandman
67%
switch claret Scarlet Witch
67%
led lurks Red Skull
60%
rag acne Carnage
50%
cuss loos Colossus
50%
hay week Hawkeye
50%
in manor Iron Man
50%
has not Thanos
50%
live owner Wolverine
50%
epic rata maniac Captain America
40%
ate jug rung Juggernaut
40%
cake glue Luke Cage
40%
vile adder Daredevil
33%
in doom Domino
25%
big mat Gambit
25%
hut monarch Human Torch
25%
montage Magneto
25%
krill behind cue Incredible Hulk
20%
fox or press Professor X
20%
etch lab prank Black Panther
0%
caravan limpet Captain Marvel
0%
cod uproots cod Doctor Octopus
0%
cotton grangers Doctor Strange
0%
leek art Elektra
0%
beer longing Green Goblin
0%
my quiets Mystique
0%
hip nurse Punisher
0%
abhor totes Sabretooth
0%
revs flurries Silver Surfer
0%
and primes Spiderman
0%
run lot Ultron
0%
No matching quizzes found
Score Distribution
Percent of People with Each Score
Percentile by Number Answered
Your Score History
You have not taken this quiz